| 000 | 00704nam a22001937a 4500 | ||
|---|---|---|---|
| 999 |
_c180999 _d180999 |
||
| 005 | 20210825130517.0 | ||
| 010 | _aUR-11210 | ||
| 020 |
_c350.00 _a9789387884427 |
||
| 035 | _aU-9765 | ||
| 037 | _bDBAD/PUB | ||
| 082 | _a921.8 | ||
| 100 | _aظفر عبد الر ؤ ف ر حما نی | ||
| 245 |
_aپر و فيسر لطف الر حمن فن ا و ر شخصيت _cظفر عبد الر ؤ ف ر حما نی |
||
| 246 |
_aProf. Lutfur Rahman: Fann Aur Shakhsiyat (Urdu) _bby Zafar Abdur Rahmani |
||
| 260 |
_aDelhi _c2018 ء _bCreatyve Star Publications |
||
| 270 |
_aJamia Nagar, _bNew Delhi _e25 _l8851148278 |
||
| 300 |
_a512 ص _c22 Cm(Hb) |
||
| 942 |
_2ddc _cUR _h921.8 _mل ط ف |
||